| 000 | 01015nab a22002177a 4500 | ||
|---|---|---|---|
| 999 |
_c5820 _d5820 |
||
| 003 | OSt | ||
| 005 | 20260107115613.0 | ||
| 008 | 190514b xxu||||| |||| 00| 0 spa d | ||
| 040 | _cPJ | ||
| 100 |
_96727 _aSchiro, María Victoria |
||
| 245 | 1 | 0 |
_aIntegralidad de la cuota alimentaria de lxs hijxs y perspectiva de género / _cMaría Victoria Schiro. |
| 300 | _ap. 19-30 | ||
| 505 | _aSumario: I. Palabras de inicio.— II. Perspectiva del cuidado como derecho y alimentos.— III. La actualización del monto de las cuotas alimentarias. Repensar los mecanismos para lograr su integralidad en perspectiva de género.— IV. Reflexiones finales | ||
| 505 | _tSi te interesa el texto, comunicate a koha@justierradelfuego.gov.ar | ||
| 650 | 0 |
_9967 _aDERECHO DE FAMILIA |
|
| 650 | 0 |
_9968 _aALIMENTOS |
|
| 650 | 0 |
_94099 _aCUOTA ALIMENTARIA |
|
| 650 | 0 |
_94044 _aPERSPECTIVA DE GÉNERO |
|
| 773 | 0 |
_02844 _93222 _dBuenos Aires : AbeledoPerrot, 1989- _tDerecho de familia. N° 118 - Marzo 2025 _z18511201 |
|
| 942 |
_2udc _cANA |
||